Daredevil research : (Record no. 6478)
[ view plain ]
| 000 -LEADER | |
|---|---|
| fixed length control field | 01091pam a2200301 a 4500 |
| 001 - CONTROL NUMBER | |
| control field | 1143610 |
| 003 - CONTROL NUMBER IDENTIFIER | |
| control field | OSt |
| 005 - DATE AND TIME OF LATEST TRANSACTION | |
| control field | 20200124112206.0 |
| 008 - FIXED-LENGTH DATA ELEMENTS--GENERAL INFORMATION | |
| fixed length control field | 950712s1997 nyua b 000 0 eng |
| 010 ## - LIBRARY OF CONGRESS CONTROL NUMBER | |
| LC control number | 95022935 |
| 020 ## - INTERNATIONAL STANDARD BOOK NUMBER | |
| International Standard Book Number | 0820427764 (alk. paper) |
| 040 ## - CATALOGING SOURCE | |
| Original cataloging agency | DLC |
| Transcribing agency | DLC |
| Modifying agency | DLC |
| 082 00 - DEWEY DECIMAL CLASSIFICATION NUMBER | |
| Classification number | 370.7 |
| Edition number | 20 |
| Item number | DAR 1997 |
| 245 00 - TITLE STATEMENT | |
| Title | Daredevil research : |
| Remainder of title | re-creating analytic practice / |
| Statement of responsibility, etc. | edited by Janice A. Jipson & Nicholas Paley. |
| 260 ## - PUBLICATION, DISTRIBUTION, ETC. (IMPRINT) | |
| Place of publication, distribution, etc. | New York : |
| Name of publisher, distributor, etc. | P. Lang, |
| Date of publication, distribution, etc. | 1997. |
| 300 ## - PHYSICAL DESCRIPTION | |
| Extent | xiii, 217 p. : |
| Other physical details | ill. ; |
| Dimensions | 23 cm. |
| 490 1# - SERIES STATEMENT | |
| Series statement | Counterpoints ; |
| Volume/sequential designation | v. 21 |
| 504 ## - BIBLIOGRAPHY, ETC. NOTE | |
| Bibliography, etc | Includes bibliographical references. |
| 650 #0 - SUBJECT ADDED ENTRY--TOPICAL TERM | |
| Topical term or geographic name as entry element | Education |
| General subdivision | Research |
| -- | Philosophy. |
| 9 (RLIN) | 13314 |
| 650 #0 - SUBJECT ADDED ENTRY--TOPICAL TERM | |
| Topical term or geographic name as entry element | Education |
| General subdivision | Research |
| -- | Methodology. |
| 9 (RLIN) | 1098 |
| 650 #0 - SUBJECT ADDED ENTRY--TOPICAL TERM | |
| Topical term or geographic name as entry element | Deconstruction. |
| 9 (RLIN) | 13315 |
| 700 1# - ADDED ENTRY--PERSONAL NAME | |
| Personal name | Jipson, Janice. |
| 9 (RLIN) | 13316 |
| 700 1# - ADDED ENTRY--PERSONAL NAME | |
| Personal name | Paley, Nicholas. |
| 9 (RLIN) | 13317 |
| 830 #0 - SERIES ADDED ENTRY--UNIFORM TITLE | |
| Uniform title | Counterpoints (New York, N.Y.) ; |
| Volume number/sequential designation | v. 21. |
| 9 (RLIN) | 13318 |
| 906 ## - LOCAL DATA ELEMENT F, LDF (RLIN) | |
| a | 7 |
| b | cbc |
| c | orignew |
| d | 1 |
| e | ocip |
| f | 19 |
| g | y-gencatlg |
| 942 ## - ADDED ENTRY ELEMENTS (KOHA) | |
| Source of classification or shelving scheme | Dewey Decimal Classification |
| Koha item type | Open Shelf |
| Withdrawn status | Lost status | Source of classification or shelving scheme | Damaged status | Not for loan | Home library | Current library | Date acquired | Source of acquisition | Inventory number | Total Checkouts | Full call number | Barcode | Date last seen | Price effective from | Koha item type |
|---|---|---|---|---|---|---|---|---|---|---|---|---|---|---|---|
| Dewey Decimal Classification | MUST Main Library | MUST Main Library | 24/01/2020 | Purchase | 2005/23445 | 370.7 DAR 1997 | 2020-0118 | 24/01/2020 | 24/01/2020 | Open Shelf | |||||
| Dewey Decimal Classification | MUST Main Library | MUST Main Library | 24/01/2020 | Purchase | 2006/27099 | 370.7 DAR 1997 | 2020-0119 | 24/01/2020 | 24/01/2020 | Open Shelf | |||||
| Dewey Decimal Classification | MUST Main Library | MUST Main Library | 24/01/2020 | Purchase | 2006/27100 | 370.7 DAR 1997 | 2020-0120 | 24/01/2020 | 24/01/2020 | Open Shelf | |||||
| Dewey Decimal Classification | MUST Main Library | MUST Main Library | 24/01/2020 | Purchase | 2004/21638 | 370.7 DAR 1997 | 2020-0121 | 24/01/2020 | 24/01/2020 | Open Shelf | |||||
| Dewey Decimal Classification | MUST Main Library | MUST Main Library | 24/01/2020 | Purchase | 2005/23444 | 370.7 DAR 1997 | 2020-0122 | 24/01/2020 | 24/01/2020 | Open Shelf | |||||
| Dewey Decimal Classification | MUST Main Library | MUST Main Library | 28/01/2020 | Purchase | 2006/26569 | 370.7 DAR 1997 | 2020-0147 | 28/01/2020 | 28/01/2020 | Open Shelf | |||||
| Dewey Decimal Classification | MUST Main Library | MUST Main Library | 11/02/2020 | Purchase | 2004/21639 | 370.7 DAR 1997 | 2020-0446 | 11/02/2020 | 11/02/2020 | Open Shelf | |||||
| Dewey Decimal Classification | MUST Main Library | MUST Main Library | 26/06/2024 | Purchase | 04/21640 | 370.7 DAR 1997 | 2024-21414 | 26/06/2024 | 26/06/2024 | Open Shelf |
